000 00423nam a2200181Ia 4500
001 13910
005 20260306164835.0
008 260306t2006||||xx |||||||||||||| ||spa||
041 _aESP
082 _a005.432
_bB78
100 _aBovet, Daniel
_eAUT
245 0 _aUnderstanding the linux kernel
260 _c2006
300 _a923 páginas :
_c23 cm.
650 _aGEN
654 _aCCC
942 _cLIB
_dJUS
_fJUS
_2ddc
_n
999 _c13910
_d13910